000 02313nam0a2200385 4500
001 RU\NLR\bibl\1308103
005 20260407192922.0
010 _a978-5-209-03273-1
_9200
021 _aRU
_b2008-85228
_94977
035 _a(NLR Aleph) 001293582
090 _a574618
_c574618
100 _a20081215d2008 |||y0rusy50 ca
101 0 _arus
_deng
102 _aRU
105 _aa |||||||||
200 1 _aОкисление, окислительный стресс, антиоксиданты
_eВсероссийская конференция молодых ученых и III школа им. акад.Н.М. Эмануэля, 1-3 октября 2008 г. Москва
_eдоклады и тезисы
_f[редкол.: Бурлакова Е.Б. и др.]
210 _aМосква
_cРоссийский университет дружбы народов
_d2008
215 _a302 с.
_cил.
_d21
300 _aВ надзаг.: Рос. акад. наук, Ин-т хим. физики им. Н.Н. Семенова РАН, Ин-т биохим. физики им. Н.М. Эмануэля РАН [и др.]
300 _aРез. на англ. яз.
320 _aБиблиогр. в конце ст.
606 1 _aОрганические соединения
_jСъезды, совещания и т.п.
_xОкисление
_91783325
_3RU\NLR\auth\66801829
606 1 _aОкислительный стресс
_jСъезды, совещания и т.п.
_92243328
_3RU\NLR\auth\661345982
606 1 _aАнтиокислители
_jСъезды, совещания и т.п.
_xВлияние на организм
_92222726
_3RU\NLR\auth\661334574
686 _aГ223.51я431(2)
686 _aР252.65я431(2)
686 _aР281.77-2я431(2)
702 1 _4340
_7ca
_8rus
_aБурлакова
_bЕ. Б.
_f1934-2016
_gЕлена Борисовна
_9246684
_3RU\NLR\AUTH\770246740
711 1 2 _a"Окисление, окислительный стресс и антиоксиданты", всероссийская конференция молодых ученых и III школа им. Н. М. Эмануэля
_f2008
_eМосква
_3RU\NLR\AUTH\8810126530
_9750393
801 0 _aRU
_bNLR
_c20081215
_gRCR
801 1 _aRU
_bNLR
_c20081215
942 _cBOOK
980 _aNB